Gaiamemories Quiz Stats

 Plays Quiz not verified by Sporcle

Challenge
Share
Tweet
Embed
Score 0/11 Timer 02:00
0 Plays Today
Hint Answer % Correct
Joker
99.7%
Cyclone
99%
Heat
98.6%
Metal
98.6%
Luna
97.6%
Trigger
96.8%
Fang
88.4%
Accel
87.9%
Eternal
77.9%
Extreme
77.3%
Skull
76.6%

You're not logged in!

Compare scores with friends on all Sporcle quizzes.
OR
Log In

You Might Also Like...

Show Comments

Extras

Created May 27, 2015ReportNominate
Tags:Kamen Rider

Top Quizzes Today


Score Distribution

Your Account Isn't Verified!

In order to create a playlist on Sporcle, you need to verify the email address you used during registration. Go to your Sporcle Settings to finish the process.

Report this User

Report this user for behavior that violates our Community Guidelines.

Details: